00394nam a2200145Ia 4500008004100000020001500041041001200056082001600068100001700084245008000101260002500181300000800206650001600214700001800230221030s9999 xx 000 0 und d a0070473714 aEnglish a105.23bNew aW. N. Newman 0aPrinciples of Interactive Computer Graphicscby W. N. Newman, R. F. Sproull bTMHaNew Delhic2002 a541 aBE Computer aR. F. Sproull